00437nam a2200145Ia 4500100003900000942000700039654001200046245003300058260003300091082002100124300000800145546001200153999001700165952010900182 aHayt/William H/ Kemmerly/ Jack E/  cBK acircuit aEngineering Circuit Analysis bMc Graw HillaNew Yorkc1987 a621.3192bHAY/KE a653 aENGLISH c24563d24563 001040708CRCaCRCEbCRCEc1488 | 23d2023-03-17l0o621.3192 HAY/KEp1969r2023-03-17w2023-03-17yBK